Statistics for All Time NHL Points Per Game In Record Season

Click here to take the quiz!

General Stats

  • This quiz has been taken 10 times
  • The average score is 5 of 10

Answer Stats

PPG Answer % Correct
1.921Wayne Gretzky
100%
1.883Mario Lemieux
100%
1,290Sydney Crosby
75%
1.240Phil Esposito
63%
1.497Mike Bossy
50%
1.314Marcel Dionne
50%
1.393Bobby Orr
38%
1.250Peter Forsberg
38%
1,268Peter Stastny
13%
1.241Kent Nilsson
13%

Score Distribution

Percentile by Number Answered

Percent of People with Each Score

Your Score History

You have not taken this quiz